Literatur im interkulturellen Dialog Festschrift zum 60. Geburtstag von Hans-Christoph Graf v. Nayhauss

Bibliographic Details
Other Authors: Durzak, Manfred (upr), Laudenberg, Beate (upr)
Format: Book
Language:German
PhysicalDescription:575 s. 22 cm
Published: Bern [etc.] Peter Lang c2000
ISBN:390676544X
ISSN:0939-6241
Series:IRIS
Subjects:

MARC

LEADER 00000nam a2200000 a 4500
001 vtls001416133
003 SK-MaSNL
005 20260301202333.0
008 251113s2000 CH ac r 0 ger
020 |a 390676544X  |c [2610,00] 
035 |a SNK000370881 
040 |a SNK  |b slo  |c SNK  |e AACR2 
044 |a CH  |a DE  |a BE  |a US 
080 |a 830"19"(082)  |2 1981 
245 1 |a Literatur im interkulturellen Dialog  |b Festschrift zum 60. Geburtstag von Hans-Christoph Graf v. Nayhauss  |c Manfred Durzak und Beate Laudenberg (Hrsg.) 
260 |a Bern [etc.]  |b Peter Lang  |c c2000 
300 |a 575 s.  |c 22 cm 
490 1 |a IRIS  |x 0939-6241  |v Bd. 15 
650 0 7 |a literatúra (klasická) nemecká  |y stor. 20.  |x vzťahy  |2 SNK  |9 584203 
700 1 |a Durzak, Manfred  |4 upr  |9 584204 
700 1 |a Laudenberg, Beate  |4 upr  |9 584205 
830 0 |a IRIS  |9 584206 
919 |a 3-906765-44-X 
999 |c 898471  |d 900401 
952 |t snkLIT 830  |a SNKUST  |b SNKUST  |y PREZ  |7 0  |p 17A0303682  |o snkIC 129535   |i snkV 943/2001  |0 0  |1 0  |4 0  |d 2001-07-04  |l 0  |r 2025-03-21 00:00:00  |w 2026-02-24